Statistics for MLB Teams Quiz

Click here to take the quiz!

General Stats

  • This quiz has been taken 15,031 times
  • The average score is 26 of 30

Answer Stats

Hint Answer % Correct
7Cincinnati Reds
98%
19New York Yankees
96%
4Boston Red Sox
95%
6Chicago White Sox
95%
18New York Mets
92%
5Chicago Cubs
92%
15Los Angeles Dodgers
90%
24San Francisco Giants
88%
29Toronto Blue Jays
87%
11Miami Marlins
87%
14Los Angeles Angels
87%
12Houston Astros
86%
22Pittsburgh Pirates
85%
28Texas Rangers
85%
26St. Louis Cardinals
85%
2Atlanta Braves
85%
1Arizona Diamondbacks
84%
25Seattle Mariners
84%
30Washington Nationals
84%
8Cleveland Indians
84%
3Baltimore Orioles
84%
27Tampa Bay Rays
83%
20Oakland Athletics
81%
21Philadelphia Phillies
81%
13Kansas City Royals
81%
10Detroit Tigers
81%
9Colorado Rockies
81%
17Minnesota Twins
80%
23San Diego Padres
80%
16Milwaukee Brewers
80%

Score Distribution

Percentile by Number Answered

Percent of People with Each Score

Your Score History

You have not taken this quiz